Valoración de daños y pérdidas : (Registro nro. 8244)

Detalles MARC
000 -CABECERA
Campo de control 00957nam a22002417a 4500
005 - FECHA Y HORA DE LA ULTIMA TRANSACCION
Campo de control 20140307074741.0
008 - ELEMENTOS DE LONGITUD FIJA—INFORMACION GENERAL
Campo de control 140307b2013 ck ||||fr||||a00| 0 spa d
020 ## - ISBN
ISBN 9789585754409
041 ## - IDIOMA
Código de idioma para texto/pista de sonido o título separado Español
044 ## - PAÍS DE PUBLICACIÓN
País de publicación Colombia
082 ## - NUMERO DE CLASIFICACION DECIMAL DEWEY
Número de clasificación 508.2
Número del ítem C399v
110 2# - ASIENTO PRINCIPAL--NOMBRE CORPORATIVO
Nombre corporativo o de jurisdicción como elemento de entrada Comisión Económica para América Latina y el Caribe - Cepal -
245 10 - MENCION DE TITULO
Título Valoración de daños y pérdidas :
Parte restante del título Ola invernal en Colombia 2010-2011
260 ## - PUBLICACION, DISTRIBUCION, ETC. (PIE DE IMPRENTA)
Lugar de publicación, distribución, etc. Bogotá
Nombre del editor, distribuidor, etc. Banco Interamericano de Desarrollo - BID
-- Comisión Económica para América Latina y el Caribe - Cepal
Fecha de publicación, distribución, etc. 2013
300 ## - DESCRIPCION FISICA
Extensión 247 p.
Otros detalles físicos fot. (col), gráficas, tablas
Dimensiones 28 cm.
504 ## - NOTA DE BIBLIOGRAFIA, ETC.
Nota de bibliografía Incluye glosario e índice
650 #4 - ASIENTO SECUNDARIO DE MATERIA - TERMINO TEMATICO
Término temático o nombre geográfico como elemento de entrada climatología
Subdivisión cronológica 2010-2011
Subdivisión geográfica Colombia
650 #4 - ASIENTO SECUNDARIO DE MATERIA - TERMINO TEMATICO
Término temático o nombre geográfico como elemento de entrada lluvia
Subdivisión cronológica 2010-2011
Subdivisión geográfica Colombia
650 #4 - ASIENTO SECUNDARIO DE MATERIA - TERMINO TEMATICO
Término temático o nombre geográfico como elemento de entrada lluvia
Subdivisión general aspectos sociales
Subdivisión geográfica Colombia
650 #4 - ASIENTO SECUNDARIO DE MATERIA - TERMINO TEMATICO
Término temático o nombre geográfico como elemento de entrada lluvia
Subdivisión general aspectos económicos
Subdivisión geográfica Colombia
650 ## - ASIENTO SECUNDARIO DE MATERIA - TERMINO TEMATICO
Término temático o nombre geográfico como elemento de entrada meteorología
Subdivisión geográfica Colombia
942 ## - ELEMENTOS ADICIONALES (KOHA)
Sistema de clasificación Dewey Decimal Classification
Tipo de ítem Impreso
Existencias
Withdrawn status Lost status Sistema de Clasificación Damaged status No para préstamo Colección Inventariado Ubicación Permanente Ubicación actual Fecha de adquisición Fuente de Valor Valor Total Checkouts Número topográfico Inventario / Código de Barras Date last seen Ejemplar Price effective from Forma de adquisición Tipo de material
    Dewey Decimal Classification     General Inventariado 2017 Bogotá Bogotá 07/03/2014 Instituto 39000.00   LB-508.2 C399v 059934 07/03/2014 Ej. 1 07/03/2014   Libro